Statistics for Idioms by Synonyms

Click here to take the quiz!

General Stats

  • This quiz has been taken 14,024 times
  • The average score is 12 of 20

Answer Stats

SynonymsIdiom% Correct
Satan's lawyerDevil's advocate
86%
Perspiring ammunitionSweating bullets
81%
Cubic zirconia are eternalDiamonds are forever
76%
Smooch and blab Kiss and tell
76%
Purchase the ranchBuy the farm
75%
Whip a deceased nagFlog a dead horse
75%
Rap on timberKnock on wood
75%
Albino pachydermWhite elephant
68%
Scarlet kipperRed herring
66%
Content as a molluscHappy as a clam
65%
Ingesting ravenEating crow
62%
Wallaby tribunalKangaroo court
62%
Wager your lowest pesoBet your bottom dollar
57%
Simian commerceMonkey business
56%
Scatter the legumesSpill the beans
56%
Spark in the skilletFlash in the pan
45%
Callowness is elationIgnorance is bliss
42%
Slice verticesCut corners
41%
Cyclone in a samovarTempest in a teapot
41%
Torrid tuberHot potato
39%

Score Distribution

Percentile by Number Answered

Percent of People with Each Score

Your Score History

You have not taken this quiz